000 00728nam a2200205Ia 4500
003 SISC
005 20170126144427.0
008 140609s9999 xx 000 0 und d
020 _a9780073512037
050 _aHE 8689.8
_b.D66 2012
100 _aDominick, Joseph R.
245 _aBroadcasting, cable, the internet, and beyond :
_ban introduction to modern electronic media /
_cJoseph R. Dominick, Fritz Messere, Barry L. Sherman.
250 _a7th edition.
260 _aNew York :
_bMcGraw-Hill,
_c2012.
300 _a316 pages :
_billustrations ;
_c26 cm.
500 _aIncludes bibliographical references, glossary and index.
650 _aTelecommunication
_xUnited States.
942 _kFOR
_cBK
_2lcc
999 _c118058
_d118058